000
00318nam a22001457a 4500
003
OSt
008
250425b |||||||| |||| 00| 0 eng d
020
_a
9780670095209
100
_a
COELHO,Paulo
245
_a
The Archer
260
_a
Gurugram
_b
Penguin
_c
2020
300
_a
130
650
_a
General
942
_2
ddc
_c
BK
999
_c
13439
_d
13439